000 01121cad a22001935a 4500
001 L154404
008 111125s2011 xxk f 000 0 eng d
035 _a(Sirsi) u154404
041 0 _aeng
110 2 _aUnited Kingdom
_bDepartment of Energy and Climate Change
_95850
245 0 4 _aThe green deal and energy company obligation
_h[electronic resource]
260 _aLondon
_bDECC
_c2011
520 _aConsultation seeks views on the Green Deal and Energy Company Obligation policies that are to be implemented in secondary legislation and under the energy licensing framework. Views are sought from a wide range of stakeholders including those organisations with an interest in operating within the framework and members of the general public. The consultation closes on 18 January 2012.
590 _aKA NTK
651 4 _aUnited Kingdom
_y
690 _aENVIRONMENTAL AND LAND CONSULTANCY-ENERGY-ENERGY USE-ENERGY EFFICIENCY
856 4 0 _uhttps://www.decc.gov.uk/assets/decc/11/consultation/green-deal/3607-green-deal-energy-company-ob-cons.pdf
_zView the consulation free of charge at www.decc.gov.uk
942 _n0
999 _c112974
_d112974